000 00304nam a2200121Ia 4500
005 20251222155041.0
008 251222s9999||||xx |||||||||||||| ||spa||
082 _aMAN.128.1-3/Ej.3
100 _aMINISTERIO DE SALUD
245 0 _aAtención del paciente con tuberculosis
264 _bMinsa
942 _cLIB
999 _c36940
_d36940